000 00575nam a2200229Ia 4500
003 OSt
005 20220924152453.0
006 a|||||r|||| 00| 0
007 ta
008 220923b |||||||| |||| 00| 0 mar d
024 _a342644
037 _cTextual
040 _aARTS
_cARTS
_bmar
041 _2mar
_amar
082 _aO155,3N24,1, L0
100 _aPadaki Mangesh
_9226194
245 0 _aVibhut
260 _c1970
650 _aMARATHI LITERATURE
_938000
942 _hO155,3N24,1, L0
_cTEXL
_2CC
999 _c469935
_d469935